00416 2200169 4500001002100000008004100021035002000062245003900082100002100121250000600142260003900148300001100187084001400198082000800212650001400220990001200234INLIS000000000001128 ind  a0010-0524000363 aSifat Shalat NabicSyaikh Abdullah aAbdullah, Syaikh a1 aJakarta :bPustaka Ibnu Umarc2012 a64 hlm a200 SYA s a200 aNon Fiksi a0744106